Guía de visual C++ y desarrollo de un componente ActiveX para controlar el puerto paralelo de la computadora

Enregistré dans:
Détails bibliographiques
Auteur principal: Wong Sánchez, Francisco
Format: Livre
Publié: [San José, Costa Rica] 2004
Sujets:
Tags: Ajouter un tag
Pas de tags, Soyez le premier à ajouter un tag!

MARC

LEADER 00000nam a2200000Ia 4500
003 009330
005 20221231144139.0
008 140114s2004 cr a m 000 ||s d
040 |c cru CEDI 
090 |a TFG 4869 
100 |a Wong Sánchez, Francisco  |9 6509 
245 |a Guía de visual C++ y desarrollo de un componente ActiveX para controlar el puerto paralelo de la computadora  
260 |c 2004  |a  [San José, Costa Rica] 
300 |a  xii, 112 páginas : ilustraciones a color  
500 |a  Proyecto de graduación (bachillerato)--Universidad de Costa Rica. Facultad de Ingeniería. Escuela de Ingeniería Eléctrica 
650 |x C++ (LENGUAJE DE PROGRAMACION PARA COMPUTADORA)   |x PROGRAMACION (COMPUTADORAS ELECTRONICAS)   |x MICROSOFT VISUAL C++  |9 6510 
942 |c TFG 
999 |c 17564  |d 17564